| 000 | 00662nam a2200241 a 4500 | ||
|---|---|---|---|
| 008 | |||
| 020 | _a0335092152 (pbk.) | ||
| 049 | _aMAIN | ||
| 090 |
_aLC5215 _bROG |
||
| 100 | 1 | _aRogers, Jennifer. | |
| 245 | 1 | 0 |
_aAdults learning / _cJenny Rogers. |
| 250 | _a3rd ed. | ||
| 260 |
_aMilton Keynes : _bOpen University Press, _c1989. |
||
| 300 |
_a199 p. ; _c20 cm. |
||
| 504 | _aIncludes bibliographical references. | ||
| 500 | _aIncludes index. | ||
| 650 | 0 | _aAdult education. | |
| 907 |
_a.b10025091 _b30-10-13 _c17-04-03 |
||
| 003 | |||
| 005 | 20230123133806.0 | ||
| 040 | _cNUST | ||
| 942 |
_cBOOKS _kLC5215 _mROG |
||
| 999 |
_c154702 _d154702 |
||